[Event "Catalunya-chB"]
[Site "Spain"]
[Date "1996.10.06"]
[Round "1"]
[White "Ducet Guasch, Joan"]
[Black "Zaragoza Galvez, David"]
[Result "0-1"]
[WhiteElo "1740"]
[BlackElo "1755"]
[PlyCount "134"]
[EventDate "1997.??.??"]
[EventType "swiss"]
[EventRounds "8"]
[EventCountry "ESP"]
[SourceTitle "EXT 2003"]
[Source "ChessBase"]
[SourceDate "2002.11.25"]
[SourceVersion "1"]
[SourceVersionDate "2002.11.25"]
[SourceQuality "1"]

1. e4 c5 2. Nf3 e6 3. c4 Nc6 4. d4 cxd4 5. Nxd4 d6 6. Nc3 Nf6 7. Be2 a6 8. 0-0 Bd7 9. Be3 Be7 10. Rb1 0-0 11. f4 Qc7 12. a3 Rfc8 13. b4 Nxd4 14. Bxd4 e5 15. fxe5 dxe5 16. Bf2 a5 17. Nd5 Nxd5 18. exd5 axb4 19. axb4 b6 20. Qd2 Ra4 21. Rfc1 Rca8 22. c5 bxc5 23. bxc5 Ra2 24. Qe1 Bg5 25. Rd1 Rc2 26. Bd3 Rxc5 27. Bxc5 Qxc5+ 28. Kf1 Re8 29. Qb4 Qe3 30. Bb5 Qf4+ 31. Qxf4 Bxb5+ 32. Rxb5 Bxf4 33. g3 Be3 34. d6 Bd4 35. d7 Rd8 36. Rb7 Kf8 37. Rc1 Ke7 38. Rcc7 h5 39. h3 Ba1 40. Ke2 g6 41. Kf3 Kd6 42. Rc1 Bd4 43. g4 f5 44. Rbc7 Ke7 45. R1c6 Rxd7 46. Rxd7+ Kxd7 47. Rxg6 hxg4+ 48. hxg4 f4 49. Ke4 Ke7 50. g5 Kf7 51. Ra6 Kg7 52. Kf3 Bc5 53. Rc6 Bd4 54. Kg4 Be3 55. Kf3 Kf7 56. Ra6 Kg7 57. Re6 Bd4 58. Ke4 Bc3 59. Kf3 Bd4 60. Kg4 Bc3 61. Rh6 Bd2 62. Rh3 e4 63. Kf5 e3 64. Kxf4 e2+ 65. Kf3 e1Q 66. Rg3 Qf1+ 67. Kg4 Qf4+ 0-1